00380nam a2200157 a 450000100060000000300090000600800410001502000150005604000280007108200140009910000200011324500270013326000290016030000140018965000190020310783CO-ViMGA141112s2004 ck r 000 u spa d a9586333582 aCO-ViMGAbspacCO-ViMGA04a823 W156c1 aWalpole, Horace10aEl Castillo de Otranto aBogotá Rei Andes .1995 a187 p.il.14aNOVELA INGLESA